Factor analysis of reasoning tests /

Saved in:
Bibliographic Details
Main Author: Wood, Dorothy, Adkins, 1912-
Other Authors: Lyerly, Samuel B.
Format: Book
Language:English
Published: Chapel Hill : University of North Carolina Press, 1952.
Subjects:
LEADER 00950nam a2200229 i 4500
001 c000248516
003 CARM
005 00000000000000.0
008 840405s1952 ncu 0 eng d
019 1 |a 4146245  |5 LACONCORD2021 
035 |a (OCoLC)203989  |5 LACONCORD2021 
082 0 4 |a 153.43 
100 1 |a Wood, Dorothy,  |c Adkins,  |d 1912- 
245 1 0 |a Factor analysis of reasoning tests /  |c by Dorothy C. Adkins and Samuel B. Lyerly, with the assistance of Goldie Demb and Daniel W. Campbell. 
260 |a Chapel Hill :  |b University of North Carolina Press,  |c 1952. 
300 |a iv, 122 l. :  |b illus. 28 cm. 
650 0 |a Reasoning  |x Psychological testing. 
650 0 |a Factor analysis. 
700 1 |a Lyerly, Samuel B. 
852 8 |b CARM  |h A2:AH08H0  |i F01214  |p 0329376  |f BK 
999 f f |i 72ae5430-6413-5d51-bcfa-8998721217a0  |s 83bb38da-90f7-5244-81f1-c85f049ab595 
952 f f |p Can circulate  |a CAVAL  |b CAVAL  |c CAVAL  |d CARM 1 Store  |e F01214  |f A2:AH08H0  |h Other scheme  |i book  |m 0329376